| 000 | 00883nam a2200265 a 4500 | ||
|---|---|---|---|
| 001 | 000000497 | ||
| 003 | DO-SdBNP | ||
| 005 | 20250416104138.0 | ||
| 008 | 081201s2008 dr a 000 0 spa d | ||
| 020 | _a9789945140385 | ||
| 020 | _a9945140388 | ||
| 040 |
_aDO-SdBNP _bspa _cBNPHU |
||
| 041 | 0 | 7 |
_aspa _2eng |
| 082 |
_a779.3 _bR426 |
||
| 245 | 0 | 0 |
_aRepública Dominicana cardinal = Dominican Republic / _cfotógrafo Kurt Rudolf ; texto Domingo Guerrero F. ; prólogo Marco de la Rosa. |
| 260 |
_aSanto Domingo : _bFundación AES Dominicana, _c2008. |
||
| 300 |
_a[77] p. : _bil. ; _c28 cm. |
||
| 500 | _aIncluye índice general | ||
| 650 | 0 |
_aFotografías _91654 _zRepública Dominicana |
|
| 700 | 1 |
_aGuerrero F., Domingo, _91655 |
|
| 700 | 1 |
_aRudolf, Kurt, _91656 |
|
| 700 | 1 |
_aRosa, Marco de la, _epról. _91657 |
|
| 710 | 2 |
_aFundación AES Dominicana _91658 |
|
| 942 |
_2ddc _cLBS1 |
||
| 999 |
_c495 _d495 |
||